000 00291nam a22001337a 4500
008 181217b xxu||||| |||| 00| 0 eng d
020 _a9780137442515
041 _aeng
080 _27 TH
_a101
100 _a34
101 _aFIL
245 _aAbout Philosophy
_cPaul.R
942 _2udc
_cBK
999 _c53191
_d53191